Statistics for Станции Московского метро

Click here to take the quiz!

General Stats

  • This quiz has been taken 1 085 times
    (982 since last reset)
  • The average score is 134 of 263

Answer Stats

ЛинияСтанция% Correct
ЗамоскворецкаяСокол
83%
Калужско-РижскаяВДНХ
77%
Большая кольцевая | Калужско-РижскаяРижская
76%
Арбатско-Покровская | Кольцевая | ФилёвскаяКиевская
75%
Большая кольцевая | СокольническаяСокольники
75%
Арбатско-Покровская | ФилёвскаяАрбатская
75%
Кольцевая | Таганско-КраснопресненскаяТаганская
73%
Калужско-Рижская | Таганско-КраснопресненскаяКитай-город
72%
СокольническаяОхотный Ряд
69%
ЗамоскворецкаяАэропорт
68%
Люблинско-ДмитровскаяЛюблино
68%
СокольническаяБиблиотека имени Ленина
68%
Замоскворецкая | КольцеваяБелорусская
68%
Таганско-КраснопресненскаяПушкинская
67%
Арбатско-Покровская | КольцеваяКурская
67%
Большая кольцеваяЦСКА
67%
ФилёвскаяФили
66%
Арбатско-Покровская | СолнцевскаяПарк Победы
65%
ЗамоскворецкаяДинамо
65%
Кольцевая | СокольническаяПарк культуры
65%
Большая кольцевая | СолнцевскаяДеловой центр
65%
СокольническаяЛубянка
64%
Кольцевая | СокольническаяКомсомольская
64%
КольцеваяКраснопресненская
63%
СокольническаяЧистые пруды
63%
Замоскворецкая | КольцеваяПавелецкая
62%
СокольническаяЮго-Западная
62%
СокольническаяУниверситет
62%
Калужско-Рижская | КольцеваяПроспект Мира
62%
СокольническаяВоробьёвы горы
62%
Калужско-РижскаяКалужская
61%
ЗамоскворецкаяТеатральная
61%
Серпуховско-ТимирязевскаяСерпуховская
61%
Таганско-КраснопресненскаяВыхино
61%
ЗамоскворецкаяТверская
61%
Таганско-КраснопресненскаяУлица 1905 года
61%
Калужско-РижскаяМедведково
60%
СокольническаяБульвар Рокоссовского
60%
СокольническаяСпортивная
59%
Серпуховско-ТимирязевскаяЧеховская
59%
Серпуховско-ТимирязевскаяТимирязевская
59%
Калужско-РижскаяБабушкинская
59%
ЗамоскворецкаяРечной вокзал
59%
Арбатско-ПокровскаяПлощадь Революции
58%
СокольническаяКрасные ворота
58%
Калининская | Калужско-РижскаяТретьяковская
58%
ЗамоскворецкаяМаяковская
58%
ЗамоскворецкаяХоврино
58%
Арбатско-Покровская | ФилёвскаяСмоленская
58%
ЗамоскворецкаяАлма-Атинская
57%
СокольническаяСаларьево
57%
СокольническаяКоммунарка
57%
Калужско-Рижская | КольцеваяОктябрьская
57%
Арбатско-Покровская | Большая кольцеваяЭлектрозаводская
56%
Калужско-РижскаяТургеневская
56%
Калужско-РижскаяБотанический сад
56%
Большая кольцевая | СокольническаяПроспект Вернадского
56%
Арбатско-ПокровскаяБауманская
56%
Серпуховско-ТимирязевскаяДмитровская
56%
Большая кольцевая | Люблинско-ДмитровскаяМарьина Роща
56%
Арбатско-ПокровскаяМитино
55%
Серпуховско-ТимирязевскаяАлтуфьево
55%
Большая кольцевая | КалининскаяАвиамоторная
55%
Серпуховско-ТимирязевскаяМенделеевская
55%
ЗамоскворецкаяВодный стадион
55%
ЗамоскворецкаяТехнопарк
55%
ЗамоскворецкаяАвтозаводская
55%
Арбатско-ПокровскаяЩёлковская
55%
Арбатско-Покровская | Большая кольцевая | ФилёвскаяКунцевская
55%
СолнцевскаяСолнцево
55%
ЗамоскворецкаяЦарицыно
55%
Таганско-КраснопресненскаяБаррикадная
54%
СокольническаяФрунзенская
54%
Серпуховско-ТимирязевскаяЦветной бульвар
54%
ЗамоскворецкаяНовокузнецкая
54%
НекрасовскаяНекрасовка
54%
КольцеваяНовослободская
54%
Большая кольцевая | Таганско-КраснопресненскаяТекстильщики
54%
СокольническаяЧеркизовская
54%
Таганско-КраснопресненскаяСпартак
54%
Арбатско-ПокровскаяИзмайловская
54%
Серпуховско-ТимирязевскаяБульвар Дмитрия Донского
54%
Большая кольцевая | Серпуховско-ТимирязевскаяСавёловская
54%
Калужско-РижскаяАлексеевская
54%
Арбатско-ПокровскаяМолодёжная
53%
КалининскаяНовогиреево
53%
Калужско-РижскаяТёплый Стан
53%
Арбатско-ПокровскаяКрылатское
53%
Серпуховско-ТимирязевскаяТульская
53%
КольцеваяДобрынинская
53%
Арбатско-ПокровскаяСтрогино
53%
Таганско-КраснопресненскаяКотельники
52%
ФилёвскаяАлександровский сад
52%
ЗамоскворецкаяДомодедовская
52%
Люблинско-ДмитровскаяТрубная
52%
Калужско-РижскаяЯсенево
51%
КалининскаяПерово
51%
Люблинско-ДмитровскаяРимская
51%
Арбатско-ПокровскаяПятницкое шоссе
51%
КалининскаяНовокосино
51%
Таганско-КраснопресненскаяКузнецкий Мост
51%
Серпуховско-ТимирязевскаяПражская
50%
Серпуховско-ТимирязевскаяПолянка
50%
СокольническаяКропоткинская
50%
Серпуховско-ТимирязевскаяЮжная
50%
Калужско-РижскаяЛенинский проспект
50%
Большая кольцевая | ЗамоскворецкаяКаширская
50%
Люблинско-ДмитровскаяФизтех
50%
Серпуховско-ТимирязевскаяЧертановская
50%
Люблинско-ДмитровскаяДостоевская
49%
Люблинско-ДмитровскаяЗябликово
49%
СокольническаяТропарёво
49%
Таганско-КраснопресненскаяПланерная
49%
Таганско-КраснопресненскаяТушинская
49%
ЗамоскворецкаяВойковская
49%
Серпуховско-ТимирязевскаяБибирево
49%
СокольническаяКрасносельская
49%
КалининскаяМарксистская
49%
КалининскаяШоссе Энтузиастов
49%
Люблинско-ДмитровскаяМарьино
49%
Люблинско-ДмитровскаяЧкаловская
49%
Арбатско-ПокровскаяПартизанская
48%
Люблинско-ДмитровскаяСретенский бульвар
48%
Большая кольцевая | Люблинско-ДмитровскаяПечатники
48%
КалининскаяПлощадь Ильича
48%
Серпуховско-ТимирязевскаяБоровицкая
48%
ЗамоскворецкаяКоломенская
48%
Таганско-КраснопресненскаяЖулебино
48%
Таганско-КраснопресненскаяПролетарская
48%
Арбатско-ПокровскаяМякинино
47%
Калужско-РижскаяАкадемическая
47%
Люблинско-Дмитровская | Серпуховско-ТимирязевскаяПетровско-Разумовская
47%
ФилёвскаяВыставочная
47%
Серпуховско-ТимирязевскаяНагатинская
47%
Таганско-КраснопресненскаяБеговая
47%
Таганско-КраснопресненскаяЩукинская
47%
Калужско-РижскаяШаболовская
47%
ЗамоскворецкаяКрасногвардейская
47%
Калужско-РижскаяСвиблово
47%
СолнцевскаяМинская
47%
СокольническаяФилатов луг
47%
Арбатско-ПокровскаяСлавянский бульвар
46%
Большая кольцевая | НекрасовскаяНижегородская
46%
ФилёвскаяФилёвский парк
46%
ЗамоскворецкаяКантемировская
46%
ЗамоскворецкаяБеломорская
46%
Таганско-КраснопресненскаяВолгоградский проспект
45%
Калужско-РижскаяСухаревская
45%
ФилёвскаяСтуденческая
45%
Большая кольцеваяВаршавская
45%
Калужско-РижскаяКоньково
45%
Серпуховско-ТимирязевскаяСевастопольская
45%
СокольническаяПреображенская площадь
45%
Таганско-КраснопресненскаяКузьминки
45%
СолнцевскаяАэропорт Внуково
45%
Большая кольцеваяХорошёвская
45%
Калужско-РижскаяНовоясеневская
45%
Калужско-РижскаяНовые Черёмушки
45%
ЗамоскворецкаяОрехово
45%
Калужско-РижскаяБеляево
45%
БутовскаяБунинская аллея
44%
Серпуховско-ТимирязевскаяАннино
44%
Большая кольцеваяЗюзино
44%
Таганско-КраснопресненскаяОктябрьское поле
44%
Таганско-КраснопресненскаяПолежаевская
44%
Таганско-КраснопресненскаяРязанский проспект
44%
Большая кольцеваяПетровский парк
44%
Серпуховско-ТимирязевскаяОтрадное
43%
Таганско-КраснопресненскаяСходненская
43%
Люблинско-ДмитровскаяСелигерская
43%
Арбатско-ПокровскаяСемёновская
43%
ФилёвскаяКутузовская
43%
СолнцевскаяРассказовка
43%
Люблинско-ДмитровскаяКрестьянская застава
43%
Большая кольцевая | СолнцевскаяМичуринский проспект
43%
ФилёвскаяМеждународная
42%
Арбатско-ПокровскаяПервомайская
42%
Люблинско-ДмитровскаяДубровка
42%
Большая кольцеваяКаховская
42%
СокольническаяРумянцево
42%
Большая кольцеваяЛефортово
42%
Таганско-КраснопресненскаяЛермонтовский проспект
42%
НекрасовскаяОкская
41%
Люблинско-ДмитровскаяЛианозово
41%
ФилёвскаяБагратионовская
41%
Арбатско-ПокровскаяВолоколамская
41%
Калужско-РижскаяПрофсоюзная
40%
Большая кольцеваяШелепиха
40%
СолнцевскаяЛомоносовский проспект
40%
Калужско-РижскаяБитцевский парк
40%
СолнцевскаяРаменки
40%
НекрасовскаяЮго-Восточная
40%
Серпуховско-ТимирязевскаяУлица академика Янгеля
40%
Серпуховско-ТимирязевскаяНагорная
40%
СокольническаяОльховая
39%
Люблинско-ДмитровскаяБратиславская
39%
Серпуховско-ТимирязевскаяВладыкино
39%
Люблинско-ДмитровскаяБутырская
39%
Большая кольцеваяКленовый бульвар
38%
Большая кольцеваяНагатинский затон
38%
НекрасовскаяКосино
38%
Люблинско-ДмитровскаяФонвизинская
38%
Люблинско-ДмитровскаяОкружная
38%
ФилёвскаяПионерская
38%
Люблинско-ДмитровскаяВерхние Лихоборы
38%
Серпуховско-ТимирязевскаяНахимовский проспект
37%
Люблинско-ДмитровскаяВолжская
37%
СолнцевскаяПыхтино
37%
СолнцевскаяОзёрная
37%
Большая кольцеваяНародное ополчение
37%
СолнцевскаяНовопеределкино
37%
СокольническаяПрокшино
37%
Большая кольцеваяАминьевская
36%
Люблинско-ДмитровскаяБорисово
36%
Большая кольцеваяМнёвники
36%
Большая кольцеваяТерехово
36%
СолнцевскаяГоворово
35%
Большая кольцеваяНоваторская
35%
БутовскаяЛесопарковая
35%
Большая кольцеваяВоронцовская
35%
Большая кольцеваяДавыдково
34%
Люблинско-ДмитровскаяЯхромская
34%
БутовскаяУлица Старокачаловская
33%
Люблинско-ДмитровскаяШипиловская
33%
БутовскаяБульвар адмирала Ушакова
33%
Люблинско-ДмитровскаяКожуховская
33%
НекрасовскаяЛухмановская
32%
БутовскаяУлица Горчакова
32%
СолнцевскаяБоровское шоссе
32%
НекрасовскаяСтахановская
31%
БутовскаяУлица Скобелевская
30%
НекрасовскаяУлица Дмитриевского
30%

Score Distribution

Percentile by Number Answered

Percent of People with Each Score

Your Score History

You have not taken this quiz since the last reset